| 000 | 00417nam a2200157Ia 4500 | ||
|---|---|---|---|
| 008 | 230312s9999||||xx |||||||||||||| ||und|| | ||
| 020 | _a81-88458-87-2 | ||
| 082 |
_a621.381 _bGUP-P |
||
| 100 | _aGupta,J.B | ||
| 245 | 0 | _aPulse and Digital Switching Circuits | |
| 260 |
_bS.K.Kataria & Sons _aIndia _c2007 |
||
| 300 | _a417 | ||
| 546 | _aEng. | ||
| 650 |
_aEngineering _vPulse Signals,Wideband Amplifiers |
||
| 942 | _cBK | ||
| 999 |
_c1698 _d1698 |
||